Katalytická premena bioetanolu na priemyslene významné monoméry

Guardado en:
Detalles Bibliográficos
Autor principal: Panghyová, Lenka (Autor)
Otros Autores: Horváth, Blažej (Orientador)
Formato: Manuscrito Libro
Lenguaje:eslovaco
Publicado: 2017
Materias:
Acceso en línea:http://is.stuba.sk/zp/portal_zp.pl?podrobnosti=128440
Etiquetas: Agregar Etiqueta
Sin Etiquetas, Sea el primero en etiquetar este registro!

MARC

LEADER 00000ntm a22000003a 4500
001 stuzp64226
003 SK-STU
005 20170610211130.0
007 ta
008 150427s2015----xo-----f-mn---000-0-slo-d
040 |a STU  |b slo 
041 0 |a slo 
100 1 |a Panghyová, Lenka  |u 048130  |4 aut  |U FCHPT Ústav organickej chémie, katalýzy a petrochémie  |T FCHPT Oddelenie organickej technológie, katalýzy a ropy  |X 61865  |U C8130  |Y 123  |7 61865 
242 0 1 |a Catalytic conversion of bioethanol to industrially important monomers  |y eng 
245 1 0 |a Katalytická premena bioetanolu na priemyslene významné monoméry 
260 |c 2017 
650 4 |a Etylén  |2 slo 
650 4 |a propylén  |2 slo 
650 4 |a 1,3-butadién  |2 slo 
650 4 |a bioetanol  |2 slo 
650 4 |a katalyzátor  |2 slo 
650 4 |a Ethylene  |2 eng 
650 4 |a propylene  |2 eng 
650 4 |a 1,3-butadiene  |2 eng 
650 4 |a bioethanol  |2 eng 
650 4 |a catalyst  |2 eng 
700 1 |a Horváth, Blažej  |u 048130  |k Z2  |4 ths  |U FCHPT Ústav organickej chémie, katalýzy a petrochémie  |T FCHPT Oddelenie organickej technológie, katalýzy a ropy  |X 3937  |U C8130  |Y 123  |7 A000003937 
856 4 |u http://is.stuba.sk/zp/portal_zp.pl?podrobnosti=128440